MLB Baseball Strike Outs by Franchise - Statistics

General Stats
  • This quiz has been taken 152 times
    136 since last reset
  • The average score is 15 of 30
Answer Stats
Team Answer SO Retired % Correct
Arizona Diamondbacks Randy Johnson 2077 2009
97%
Minnesota Twins Walter Johnson 3509 1927
94%
Atlanta Braves John Smoltz 3011 2009
82%
Los Angeles Dodgers Clayton Kershaw 2700 Active
80%
Houston Astros Nolan Ryan 1866 1993
80%
Los Angeles Angels Nolan Ryan 2416 1993
80%
Boston Red Sox Roger Clemens 2590 2007
79%
Baltimore Orioles Jim Palmer 2212 1984
78%
Philadelphia Phillies Steve Carlton 3031 1988
72%
New York Mets Tom Seaver 2541 1986
72%
St. Louis Cardinals Bob Gibson 3117 1975
69%
Cleveland Indians Bob Feller 2581 1956
66%
Seattle Mariners Felix Hernandez 2524 2019
65%
New York Yankees Andy Pettitte 2020 2013
64%
Chicago Cubs Fergie Jenkins 2038 1983
63%
San Francisco Giants Christy Mathewson 2504 1916
56%
Washington Nationals Stephen Strasburg 1718 Active
53%
Toronto Blue Jays Dave Stieb 1658 1998
44%
Detroit Tigers Mickey Lolich 2679 1979
34%
San Diego Padres Jake Peavy 1348 2016
33%
Tampa Bay Rays James Shields 1250 2018
31%
Kansas City Royals Kevin Appier 1458 2004
24%
Texas Rangers Charlie Hough 1452 1994
22%
Oakland Athletics Eddie Plank 1985 1917
18%
Colorado Rockies Jorge De La Rosa 985 2018
17%
Milwaukee Brewers Yovani Gallardo 1226 2018
13%
Chicago White Sox Billy Pierce 1796 1964
12%
Cincinnati Reds Jim Maloney 1592 1971
12%
Pittsburgh Pirates Bob Friend 1682 1966
11%
Miami Marlins Ricky Nolasco 1001 2017
11%
No matching quizzes found
Score Distribution
Percent of People with Each Score
Percentile by Number Answered
Your Score History
You have not taken this quiz since the last reset